00550nam a2200145Ia 4500003000900000008004100009020002600050040001600076100002700092245009700119260003200216300002000248490003300268856010300301IN-BaIIA211028s9999 xx s 000 0 eng d a9780892529469 (Print) cIIA Library aDel Grande, Nancy, ed. 0aX-Ray and Vacuum Ultraviolet Interaction Data Bases, Calculations, and Measurementsh[eBook] aWashington, USAbSPIEc1988 aOnline resource aProceedings of SPIE; V. 0911 uhttps://www.spiedigitallibrary.org/conference-proceedings-of-spie/0911yClick Here to Access eBook